Museo cómico o tesoro de los chistes tomo 2
Contiene: "colección, almacen, depósito, o lo que ustedes quieran, de cuentos, fábulad, chistes, anécdotas, chascarrillos, dichos agudos y obtusos, epígramas, sentencias, flores y espinas, oportunidades y estravagancias, simplezas de a folio, frases intencionadas en una palabra, cuanto se pueda...
| Hlavní autor: | |
|---|---|
| Médium: | Kniha |
| Jazyk: | Spanish |
| Témata: |
MARC
| LEADER | 00000cam a2200000 a 4500 | ||
|---|---|---|---|
| 001 | 3392-2 | ||
| 003 | Ucuenca | ||
| 005 | 20230308172022.0 | ||
| 008 | 000000|1864 ||||||||r|||||||||||spa|| | ||
| 040 | |b spa | ||
| 041 | 1 | |a spa | |
| 082 | 0 | |a 867 | |
| 100 | 1 | |a Palacio, Manuel delRivera, Luis |9 13904 | |
| 245 | 1 | 1 | |a Museo cómico o tesoro de los chistes |c Manuel del Palacio y Luis Rivera |h imp |n tomo 2 |
| 264 | |a Madrid |b Librería de Miguel Guijarro, Editor |c 1864 | ||
| 300 | |a 651 páginas: |b ilu |c 21,5 cm | ||
| 504 | |a incl. ref. | ||
| 520 | 3 | |a Contiene: "colección, almacen, depósito, o lo que ustedes quieran, de cuentos, fábulad, chistes, anécdotas, chascarrillos, dichos agudos y obtusos, epígramas, sentencias, flores y espinas, oportunidades y estravagancias, simplezas de a folio, frases intencionadas en una palabra, cuanto se pueda inventar para hacer reir" | |
| 650 | 1 | |a Humor español |9 5914 | |
| 852 | |a UC-CDJBV |f Compra |l 1 |m Limitada |p 00000000 |t 3392-2 |b 1 |d CDRC |e CDRC |g 867 ESTANTERIA CERRADA |z 0000-00-00 | ||
| 942 | |c BK | ||
| 999 | |c 38413 |d 38413 | ||